000 00421nam a2200181Ia 4500
001 9810
005 20260306161745.0
008 260306t2007||||xx |||||||||||||| ||spa||
041 _aESP
082 _a465
_bB45 2007
100 _aBeristaín, Helena
_eAUT
245 0 _aGramática estructural de la lengua española
260 _c2007
300 _a
_c
650 _aGEN
654 _aCHU
942 _cLIB
_dJUS
_fJUS
_2ddc
_n
999 _c9810
_d9810